Horngren's accounting / (Record no. 22148)
[ view plain ]
| 000 -LEADER | |
|---|---|
| fixed length control field | 01298cam a22003855a 4500 |
| 001 - CONTROL NUMBER | |
| control field | 016874529 |
| 003 - CONTROL NUMBER IDENTIFIER | |
| control field | Uk |
| 005 - DATE AND TIME OF LATEST TRANSACTION | |
| control field | 20160810103015.0 |
| 008 - FIXED-LENGTH DATA ELEMENTS--GENERAL INFORMATION | |
| fixed length control field | 150825s2015 enka frd 001|0|eng|d |
| 015 ## - NATIONAL BIBLIOGRAPHY NUMBER | |
| National bibliography number | GBB5E2718 |
| Source | bnb |
| 016 7# - NATIONAL BIBLIOGRAPHIC AGENCY CONTROL NUMBER | |
| Record control number | 016874529 |
| Source | Uk |
| 020 ## - INTERNATIONAL STANDARD BOOK NUMBER | |
| International Standard Book Number | 9781292056517 |
| 020 ## - INTERNATIONAL STANDARD BOOK NUMBER | |
| International Standard Book Number | 1292056517 |
| 040 ## - CATALOGING SOURCE | |
| Original cataloging agency | StDuBDS |
| Language of cataloging | eng |
| Transcribing agency | StDuBDS |
| Modifying agency | EG-ScBUE |
| 042 ## - AUTHENTICATION CODE | |
| Authentication code | ukblsr |
| 082 04 - DEWEY DECIMAL CLASSIFICATION NUMBER | |
| Edition number | 22 |
| Classification number | 657 |
| Item number | NOB |
| 100 1# - MAIN ENTRY--PERSONAL NAME | |
| Personal name | Miller-Nobles, Tracie L. |
| 9 (RLIN) | 40701 |
| 245 10 - TITLE STATEMENT | |
| Title | Horngren's accounting / |
| Statement of responsibility, etc | Tracie Nobles, Brenda Mattison, Ella Mae Matsumura. |
| 246 30 - VARYING FORM OF TITLE | |
| Title proper/short title | Accounting |
| 250 ## - EDITION STATEMENT | |
| Edition statement | 10th ed., global ed. |
| 260 ## - PUBLICATION, DISTRIBUTION, ETC. (IMPRINT) | |
| Place of publication, distribution, etc | Harlow, Essex : |
| Name of publisher, distributor, etc | Pearson Education Limited, |
| Date of publication, distribution, etc | c.2015. |
| 300 ## - PHYSICAL DESCRIPTION | |
| Extent | 1798 p. : |
| Other physical details | col. ill. ; |
| Dimensions | 28 cm. |
| 500 ## - GENERAL NOTE | |
| General note | Index : p. 1781-1798. |
| 500 ## - GENERAL NOTE | |
| General note | Glossary : p. 1771-1779. |
| 650 #7 - SUBJECT ADDED ENTRY--TOPICAL TERM | |
| Topical term or geographic name as entry element | Accounting |
| Source of heading or term | BUEsh |
| 9 (RLIN) | 20832 |
| General subdivision | Problems, exercises, etc. |
| 650 #7 - SUBJECT ADDED ENTRY--TOPICAL TERM | |
| Topical term or geographic name as entry element | Managerial accounting |
| 9 (RLIN) | 40704 |
| Form subdivision | Problems, exercises, etc. |
| 651 ## - SUBJECT ADDED ENTRY--GEOGRAPHIC NAME | |
| Source of heading or term | BUEsh |
| 653 ## - INDEX TERM--UNCONTROLLED | |
| Resource For college | BAEPS, Business Administration |
| Arrived date list | August 2016 |
| 690 7# - LOCAL SUBJECT ADDED ENTRY--TOPICAL TERM (OCLC, RLIN) | |
| Topical term or geographic name as entry element | Management and Business Studies |
| Source of heading or term | blcoll |
| 700 1# - ADDED ENTRY--PERSONAL NAME | |
| Personal name | Mattison, Brenda, |
| 9 (RLIN) | 40703 |
| 700 1# - ADDED ENTRY--PERSONAL NAME | |
| Personal name | Matsumura, Ella Mae, |
| Dates associated with a name | 1952- |
| 9 (RLIN) | 40702 |
| 700 1# - ADDED ENTRY--PERSONAL NAME | |
| Personal name | Horngren, Charles T., |
| Dates associated with a name | 1926- |
| Title of a work | Accounting. |
| 9 (RLIN) | 12381 |
| 942 ## - ADDED ENTRY ELEMENTS (KOHA) | |
| Source of classification or shelving scheme | Dewey Decimal Classification |
| Edition | 22 |
| Call number prefix | 657 NOB |
| Withdrawn status | Item status | Source of classification or shelving scheme | Damaged status | Not for loan | Vendor | Home library | Current library | Shelving location | Date acquired | Source of acquisition | Cost, normal purchase price | Serial Enumeration / chronology | Total Checkouts | Full call number | Barcode | Date last seen | Cost, replacement price | Koha item type |
|---|---|---|---|---|---|---|---|---|---|---|---|---|---|---|---|---|---|---|
| Dewey Decimal Classification | Baccah | Central Library | Central Library | First floor | 10/08/2016 | Purchase | 374.00 | 25846 | 657 NOB | 000033138 | 15/07/2025 | 467.50 | Book - Borrowing |